=LDR 00000nam 2200000 4500 =001 INLIS000000000018112 =005 20130612113308 =008 ***********************************Ind** =035 ##$$0010-061300000018112 =041 ##$$a Ind =082 ##$$a 635.61 =090 ##$$a 635.61, Sun a =100 ##$$a Sunarjono, Hendro =245 ##$$a Aneka permaslahan semangka dan melon beserta pemecahannya, oleh Drs. Hendro Sunarjono =260 ##$$a 1996 $b Jakarta =300 ##$$a x, 118 hlm, ilus, 21 cm =650 ##$$a Melon =850 ##$$a NBPNMAT